| 000 | 00391nam a2200169Ia 4500 | ||
|---|---|---|---|
| 008 | 221030s9999 xx 000 0 und d | ||
| 020 | _a8120306244 | ||
| 082 |
_a105.23 _bDec |
||
| 100 | _aD. A. Decenzo | ||
| 245 | 0 | _aHuman Resource Management | |
| 250 | _a3rd | ||
| 260 |
_bPHI _aNew Delhi _c2004 |
||
| 300 | _a637 | ||
| 650 | _aManagement | ||
| 700 | _aS. P. Robbins | ||
| 942 |
_cBK _2ddc |
||
| 999 |
_c2398 _d2398 |
||